02602nam a22001817a 4500003000500000082001400005100002700019245009600046264003400142300001400176505202500190650002002215690002102235700003902256942001202295999001902307952009402326NUST a005.8,KHA aKhan, Shahzeb 9124652 aAdvance Password Manager (APM) /cGC Shahzeb Khan, GC Mehroz Mumtaz, GC Salman Khalil Butt. aMCS, NUST bRawalpindi c2024 axii, 79 p aThe goal of the Advanced Password Manager (APM) project is to create a state-of-the-art application that will tackle the difficulties involved in managing passwords. It's critical to give consumers a safe and convenient way to handle their login credentials in the current digital environment, where security lapses are common. Modern encryption methods and sophisticated algorithms are used by APM to guarantee the integrity and security of passwords that are stored. In addition to safe password generation, storage, and retrieval, the system has an easy-to-use interface that makes navigating around it a breeze. Through putting security, usability, and performance first, APM hopes to transform the way people protect their digital identities. In the wake of increasing cybersecurity threats, individuals and organizations alike require reliable solutions to manage their digital credentials securely. The APM project addresses this need by implementing robust encryption standards to ensure that stored passwords are impervious to unauthorized access. Additionally, the application incorporates secure hashing techniques and salted hashes to further safeguard stored data against potential breaches. Moreover, the APM enhances user convenience through its intelligent password generation feature, which creates strong, unique passwords that meet the latest security standards. The application also includes alert mechanisms that notify users when their passwords are due for an update, thereby mitigating risks associated with outdated credentials. APM is designed not only for personal use but also for enterprise environments, providing scalability and multi-user support. By integrating advanced cryptographic techniques with a user-friendly interface, APM aims to become an indispensable tool in the realm of digital security. Through this innovative approach, APM aspires to redefine how individuals and organizations safeguard their digital identities, ensuring peace of mind in an increasingly digital world. aUG BEIS9124639 bBEIS-01 9124640 aSupervisor Maj Bilal Ahmed9124651 2ddccPR c610456d610456 00104070aMCSbMCScGENd2024-07-20l0o005.8,KHApMCSPIS-7r2024-07-20w2024-07-20yPR